Post-crisis International Banking : An Analysis with New Regulatory Survey Data /

Foreign bank lending has stopped growing since the global financial crisis. Changes in banks' business models, balance-sheet adjustments, as well as the tightening of banking regulations are potential drivers of this prolonged slowdown. The existing literature however suggests an opposite effec...

Celý popis

Podrobná bibliografie
Hlavní autor: Ichiue, Hibiki
Další autoři: Lambert, Frederic
Médium: Časopis
Jazyk:English
Vydáno: Washington, D.C. : International Monetary Fund, 2016.
Edice:IMF Working Papers; Working Paper ; No. 2016/088
On-line přístup:Full text available on IMF
LEADER 01857cas a2200253 a 4500
001 AALejournalIMF016758
008 230101c9999 xx r poo 0 0eng d
020 |c 5.00 USD 
020 |z 9781475566703 
022 |a 1018-5941 
040 |a BD-DhAAL  |c BD-DhAAL 
100 1 |a Ichiue, Hibiki. 
245 1 0 |a Post-crisis International Banking :   |b An Analysis with New Regulatory Survey Data /  |c Hibiki Ichiue, Frederic Lambert. 
264 1 |a Washington, D.C. :  |b International Monetary Fund,  |c 2016. 
300 |a 1 online resource (35 pages) 
490 1 |a IMF Working Papers 
500 |a <strong>Off-Campus Access:</strong> No User ID or Password Required 
500 |a <strong>On-Campus Access:</strong> No User ID or Password Required 
506 |a Electronic access restricted to authorized BRAC University faculty, staff and students 
520 3 |a Foreign bank lending has stopped growing since the global financial crisis. Changes in banks' business models, balance-sheet adjustments, as well as the tightening of banking regulations are potential drivers of this prolonged slowdown. The existing literature however suggests an opposite effect related to regulation, with tighter regulations encouraging foreign lending through regulatory arbitrage. We investigate this question using new survey data on regulations specific to banks' international operations. Our results show that regulatory tightening can explain about half of the decline in the foreign lending-to-GDP ratio between 2007 and 2013. Regulatory changes in home countries have had a larger effect than those in host countries. 
538 |a Mode of access: Internet 
700 1 |a Lambert, Frederic. 
830 0 |a IMF Working Papers; Working Paper ;  |v No. 2016/088 
856 4 0 |z Full text available on IMF  |u http://elibrary.imf.org/view/journals/001/2016/088/001.2016.issue-088-en.xml  |z IMF e-Library